000 00611nam a2200193 i 4500
001 bg
100 1 _aHICKS, Tyler Gregory
245 0 _aStandard handbook of consulting engineering practice =
_bstarting, staffing, expanding and prospering inyour own consulting business /
_cTyler G. Hicks, Jerome F. Mueller, S. David Hicks.
260 _aNew York,
_c1986
_aMcGraw-Hill.
700 1 _aMUELLER, Jerome F.
700 1 _aHICKS, S. David
020 _a0070287791
040 _cBPK
041 _apol
080 _a658
920 _a0-07-028779-1
942 _cKS
008 s pl f |000 0 pol
999 _c29603
_d29603
856 _uhttp://koha.tu.koszalin.pl/cgi-bin/koha/opac-detail.pl?biblionumber=29603
_yKatalog online BPK